[Event "Mechanics' Mar TNM; 30/90, SD/30"]
[Site "San Francisco"]
[Date "2012.08.07"]
[Round "2.5"]
[White "Steger, Eric"]
[Black "Lin, Michael"]
[Result "0-1"]
[WhiteElo "1888"]
[BlackElo "2054"]
[PlyCount "82"]
[EventDate "2012.??.??"]

1. e4 e5 2. Nf3 Nc6 3. Bb5 a6 4. Ba4 Nf6 5. O-O Be7 6. Re1 b5 7. Bb3 O-O 8. c3
d5 9. exd5 Nxd5 10. d4 exd4 11. Nxd4 Nxd4 12. Qxd4 Bb7 13. a4 c5 14. Qd1 c4 15.
Bc2 Bc5 16. axb5 Qf6 17. Rf1 axb5 18. Rxa8 Bxa8 19. Qh5 h6 20. Qf5 Qxf5 21.
Bxf5 Bc6 22. Rd1 Re8 23. Kf1 Re5 24. Bg4 Nf6 25. Rd8+ Kh7 26. Bh3 Be4 27. f4
Re7 28. Nd2 Bd3+ 29. Rxd3 cxd3 30. Bf5+ g6 31. Bxd3 Ng4 32. Nf3 b4 33. cxb4
Bxb4 34. h3 Rc7 35. Bd2 Bxd2 36. Nxd2 Ne3+ 37. Kf2 Nd1+ 38. Ke2 Nxb2 39. Ba6
Re7+ 40. Kf3 Nd1 41. Be2 Re3+ 0-1

[Event "Mechanics' Fall TNM; 30/90, SD/30"]
[Site "San Francisco"]
[Date "2012.10.16"]
[Round "1.13"]
[White "Steigum, Erling"]
[Black "Allen, Tom"]
[Result "1-0"]
[WhiteElo "1988"]
[BlackElo "1504"]
[PlyCount "69"]
[EventDate "2012.??.??"]

1. d4 Nf6 2. Nf3 d5 3. c4 c6 4. Nc3 Bf5 5. e3 e6 6. Bd3 Nbd7 7. O-O Ne4 8. Qc2
Ndf6 9. Ne5 Bd6 10. f3 Nxc3 11. bxc3 Bxd3 12. Qxd3 O-O 13. Qe2 Nd7 14. Nxd7
Qxd7 15. e4 dxe4 16. fxe4 e5 17. Be3 Rae8 18. Qd3 b6 19. Rad1 f5 20. c5 Bc7 21.
Rxf5 Rxf5 22. exf5 bxc5 23. dxc5 Qxd3 24. Rxd3 Rd8 25. Rxd8+ Bxd8 26. Kf2 Kf7
27. Kf3 h6 28. Ke4 Kf6 29. h3 Ba5 30. c4 Be1 31. g4 Bg3 32. Bd2 Bf2 33. Bc3 Bg3
34. Ba5 Kg5 35. Bd8# 1-0

[Event "Mechanics' Fall TNM; 30/90, SD/30"]
[Site "San Francisco"]
[Date "2012.11.27"]
[Round "7.12"]
[White "Steigum, Erling"]
[Black "Donnelly, Parick"]
[Result "1-0"]
[WhiteElo "1988"]
[BlackElo "1647"]
[PlyCount "31"]
[EventDate "2012.??.??"]

1. d4 Nf6 2. c4 e6 3. Nc3 Bb4 4. e3 b6 5. Nf3 Bb7 6. Bd3 d5 7. Qa4+ Nc6 8. cxd5
Nxd5 9. Bb5 Qd6 10. Ne5 Nxc3 11. bxc3 Bxc3+ 12. Bd2 Bxa1 13. O-O O-O-O 14. Nxc6
Bxc6 15. Bxc6 Kb8 16. Bb4 1-0

[Event "Mechanics' Fall TNM; 30/90, SD/30"]
[Site "San Francisco"]
[Date "2012.12.11"]
[Round "9.6"]
[White "Steigum, Erling"]
[Black "LaCounte, Brendan"]
[Result "0-1"]
[WhiteElo "1988"]
[BlackElo "1924"]
[PlyCount "98"]
[EventDate "2012.??.??"]

1. d4 e6 2. c4 d5 3. Nc3 Nf6 4. Nf3 Be7 5. Bf4 Nh5 6. e3 Nxf4 7. exf4 dxc4 8.
Bxc4 Nd7 9. O-O O-O 10. Re1 Nb6 11. Bd3 Bd7 12. Qc2 g6 13. Be4 c6 14. g3 Nd5
15. a3 Bf6 16. h4 Kg7 17. Ne5 Ne7 18. Rad1 Nf5 19. Qd3 Be7 20. Qe2 Rc8 21. h5
f6 22. hxg6 fxe5 23. Bxf5 exf5 24. dxe5 Qc7 25. gxh7 Rh8 26. Qh5 Rxh7 27. Qf3
Be6 28. Kg2 Rch8 29. Rh1 Rxh1 30. Rxh1 Rxh1 31. Kxh1 Qd7 32. Qe3 b6 33. Kg1 Bc5
34. Qe2 Kg6 35. Kg2 Bd4 36. Qd3 Bxc3 37. Qxd7 Bxd7 38. bxc3 c5 39. f3 Kh5 40.
Kf2 b5 41. Ke3 a5 42. Kd3 Bc6 43. Ke3 Bd5 44. Ke2 b4 45. cxb4 cxb4 46. axb4
axb4 47. Kd3 Bxf3 48. Kd4 b3 49. e6 b2 0-1

[Event "Mechanics' Fall TNM; 30/90, SD/30"]
[Site "San Francisco"]
[Date "2012.11.13"]
[Round "5.13"]
[White "Steigum, Erling"]
[Black "Newey, Richard"]
[Result "1-0"]
[WhiteElo "1988"]
[BlackElo "1704"]
[PlyCount "141"]
[EventDate "2012.??.??"]

1. d4 Nf6 2. c4 g6 3. Nf3 Bg7 4. g3 c6 5. Bg2 d5 6. O-O O-O 7. b3 Bf5 8. Bb2
dxc4 9. bxc4 Qb6 10. Qc1 Na6 11. Nc3 c5 12. d5 Nb4 13. Nh4 Bg4 14. h3 Bd7 15.
a3 Na6 16. Rb1 Qc7 17. e4 Qc8 18. Kh2 Nh5 19. Ne2 e5 20. dxe6 Bxe6 21. Bxg7
Nxg7 22. e5 Rb8 23. Nf4 Bd7 24. Nd5 Kh8 25. Qh6 Nh5 26. Ne7 Qe8 27. Nd5 Qc8 28.
Nf6 Nxf6 29. exf6 Rg8 30. Rfe1 Be6 31. Qf4 b6 32. Bd5 Qc7 33. Qe3 Rbe8 34. Qc3
Qc8 35. Bxe6 Rxe6 36. Rxe6 Qxe6 37. Re1 Qd6 38. Nf3 Nc7 39. Ng5 Rf8 40. Re7 Kg8
41. Ne4 Qd8 42. Qe5 Ne6 43. Nd6 Nd4 44. Qf4 Nf3+ 45. Kg2 Nd4 46. f3 Qa8 47. g4
Qc6 48. Rxa7 Ne6 49. Qe5 Rd8 50. Ne4 Re8 51. Qd6 Qc8 52. Qd7 Nf4+ 53. Kg3 Qxd7
54. Rxd7 Ne2+ 55. Kf2 Nf4 56. Kg3 Ne2+ 57. Kf2 Nf4 58. Ng5 h6 59. Nxf7 Rf8 60.
Nxh6+ Kh8 61. g5 Nxh3+ 62. Kg3 Nxg5 63. Ng4 Nh7 64. f7 Kg7 65. Ne5 Nf6 66. Rb7
Nh5+ 67. Kg4 Nf6+ 68. Kg5 Nh7+ 69. Kf4 g5+ 70. Kf5 Nf6 71. Kxg5 1-0

[Event "Mechanics' Fall TNM; 30/90, SD/30"]
[Site "San Francisco"]
[Date "2012.10.30"]
[Round "3.10"]
[White "Steigum, Erling"]
[Black "Poling, Scott"]
[Result "0-1"]
[WhiteElo "1988"]
[BlackElo "1747"]
[PlyCount "86"]
[EventDate "2012.??.??"]

1. d4 e6 2. Nf3 Nf6 3. g3 b5 4. Bg2 Bb7 5. O-O c5 6. a4 cxd4 7. axb5 Qb6 8. c3
dxc3 9. Nxc3 Be7 10. Be3 Qc7 11. Qd4 O-O 12. Rfc1 Qd8 13. Rxa7 Rxa7 14. Qxa7
Bd5 15. Na4 Bb4 16. Bc5 Bxc5 17. Rxc5 Ne4 18. Rc7 Nd6 19. Nc3 Bc4 20. Qc5 Nxb5
21. Nxb5 Bxb5 22. Qd6 Bxe2 23. Nd4 Ba6 24. b4 Qg5 25. f4 Qg6 26. Kf2 Qd3 27.
Rc2 Nc6 28. Bxc6 dxc6 29. Rxc6 Qd2+ 30. Kf3 Bb7 31. b5 Ra8 32. h4 h5 33. Nf5
Bxc6+ 34. bxc6 Qxd6 35. Nxd6 Ra3+ 36. Ke4 Rc3 37. Nc8 Kf8 38. Na7 Ke7 39. Kd4
Rc1 40. f5 Kd6 41. fxe6 fxe6 42. Ke4 Rc4+ 43. Kd3 Rg4 0-1

[Event "Mechanics' Fall TNM; 30/90, SD/30"]
[Site "San Francisco"]
[Date "2012.10.16"]
[Round "1.8"]
[White "Sung, Kevin"]
[Black "Byambaa, Uyanga"]
[Result "1/2-1/2"]
[WhiteElo "1586"]
[BlackElo "2093"]
[PlyCount "103"]
[EventDate "2012.??.??"]

1. d4 Nf6 2. c4 g6 3. Nc3 Bg7 4. e4 d6 5. Be2 O-O 6. Nf3 e5 7. d5 Nbd7 8. Bg5
h6 9. Bh4 a5 10. O-O Nc5 11. Nd2 Bd7 12. a3 a4 13. f3 b6 14. b4 axb3 15. Nxb3
Ba4 16. Nxa4 Nxa4 17. Bd3 Qd7 18. Nd2 Nh5 19. Bf2 Nf4 20. Qb3 Ra5 21. Qc2 Rfa8
22. Rfb1 Bf6 23. Rb3 Bg5 24. Nb1 Nc5 25. Bxc5 dxc5 26. Nc3 Kg7 27. Bf1 Nh5 28.
Nb5 Nf6 29. Qb2 Ne8 30. Be2 Nd6 31. Rf1 Nxb5 32. cxb5 Bf6 33. Bc4 Qd6 34. Qc1
Bg5 35. Qb2 Ra4 36. Be2 f6 37. Rc3 Rd4 38. Rd1 Raa4 39. Rcd3 c4 40. Rc3 Qc5 41.
Kf1 h5 42. Qc2 Rxa3 43. Rxa3 Qxa3 44. Rxd4 exd4 45. Qxc4 Qa1+ 46. Kf2 Be3+ 47.
Kg3 Qe1+ 48. Kh3 Kh6 49. Bf1 Kg5 50. g3 Bg1 51. f4+ Kh6 52. Qe2 {This tense e,
in which the advantage has already gone back and forth, was eventually draw in
another 20 moves of mutual time pressure.} 1/2-1/2

[Event "Mechanics' Fall TNM; 30/90, SD/30"]
[Site "San Francisco"]
[Date "2012.11.13"]
[Round "5.23"]
[White "Sung, Kevin"]
[Black "Mar, Henry"]
[Result "1/2-1/2"]
[WhiteElo "1586"]
[BlackElo "1509"]
[PlyCount "89"]
[EventDate "2012.??.??"]

1. d4 Nf6 2. c4 e6 3. Nc3 Bb4 4. Qc2 O-O 5. a3 Bxc3+ 6. Qxc3 b6 7. Nf3 Bb7 8.
g3 d5 9. Bg2 Ne4 10. Qc2 Nd7 11. O-O c5 12. cxd5 exd5 13. e3 cxd4 14. exd4 Rc8
15. Qb3 Qc7 16. Bf4 Qc4 17. Qxc4 Rxc4 18. Rac1 Rfc8 19. Rxc4 Rxc4 20. Rc1 Rxc1+
21. Bxc1 f6 22. Kf1 b5 23. Ke2 Nb6 24. b3 Ba6 25. Ke3 Bb7 26. Ne1 f5 27. Nd3
Nd7 28. f3 Nef6 29. Nc5 Bc6 30. Kf4 g6 31. Kg5 Kf7 32. Bf4 Ng8 33. Nxd7 h6+ 34.
Kh4 Bxd7 35. Bb8 a6 36. Bf1 Nf6 37. Kh3 f4+ 38. g4 h5 39. Be2 hxg4+ 40. fxg4 g5
41. Be5 Ne4 42. Kg2 Kg6 43. Bd1 Nf6 44. Bxf6 Kxf6 45. Kf2 1/2-1/2

[Event "Mechanics' Spring TNM; 30/90, SD/30"]
[Site "San Francisco"]
[Date "2012.04.17"]
[Round "6.8"]
[White "Thomas, Melvin"]
[Black "Delmonico, Nils"]
[Result "0-1"]
[WhiteElo "1774"]
[BlackElo "1908"]
[PlyCount "114"]
[EventDate "2012.??.??"]

1. d4 d5 2. c4 c6 3. g3 Nf6 4. Bg2 dxc4 5. a4 Bf5 6. Nc3 e6 7. Nf3 Bb4 8. O-O
O-O 9. Bg5 Be7 10. Re1 Nbd7 11. Nd2 e5 12. Nxc4 exd4 13. Qxd4 Nb6 14. Qxd8
Rfxd8 15. Nxb6 axb6 16. e4 Be6 17. e5 Nd5 18. Nxd5 Bxg5 19. Nxb6 Ra6 20. a5 Bd2
21. Red1 Bb3 22. Bf1 Ra7 23. Nc4 Bxd1 24. Rxd1 Bg5 25. Re1 Be7 26. e6 fxe6 27.
Rxe6 Kf8 28. f4 Raa8 29. Kg2 Rd4 30. Re5 Rd5 31. Re4 Rad8 32. Be2 Bf6 33. g4
Re8 34. Rxe8+ Kxe8 35. Kf3 Bd8 36. b4 Bh4 37. Ne3 Rd2 38. b5 Kd8 39. a6 bxa6
40. bxa6 Kc7 41. g5 h6 42. gxh6 gxh6 43. Nf5 Bf6 44. Nxh6 Ra2 45. Ng4 Bh4 46.
f5 Ra4 47. Bd3 Bg5 48. Ne5 c5 49. Bc4 Bf6 50. Bb5 Ra5 51. a7 Bxe5 52. Ke4 Bxh2
53. Kd5 Bd6 54. f6 Rxa7 55. f7 Ra1 56. Be8 Rd1+ 57. Ke6 c4 0-1

[Event "Mechanics' Spring TNM; 30/90, SD/30"]
[Site "San Francisco"]
[Date "2012.03.27"]
[Round "3.21"]
[White "Thomas, Melvin"]
[Black "Starr, Albert"]
[Result "1-0"]
[WhiteElo "1774"]
[BlackElo "1473"]
[PlyCount "71"]
[EventDate "2012.??.??"]

1. d4 f5 2. c4 g6 3. g3 Nf6 4. Bg2 Bg7 5. Nf3 d6 6. O-O O-O 7. Nc3 c5 8. Qc2 a6
9. a4 Qc7 10. Bf4 Nh5 11. Nd5 Qd8 12. Bg5 Nc6 13. dxc5 h6 14. Bd2 dxc5 15. Rfd1
e6 16. Nf4 Nxf4 17. Bxf4 Qf6 18. Bd6 Rd8 19. Bxc5 Rxd1+ 20. Rxd1 Qxb2 21. Qxb2
Bxb2 22. Nh4 g5 23. Bxc6 gxh4 24. Rd8+ Kg7 25. Bd7 Bxd7 26. Rxd7+ Kf6 27. Rxb7
Bc1 28. Bd4+ Kg5 29. e3 h3 30. Kf1 Rc8 31. f3 e5 32. Bxe5 Bxe3 33. Rg7+ Kh5 34.
g4+ fxg4 35. fxg4+ Kh4 36. Bg3# 1-0

[Event "Mechanics' Spring TNM; 30/90, SD/30"]
[Site "San Francisco"]
[Date "2012.03.13"]
[Round "1.2"]
[White "Thomas, Melvin"]
[Black "Thornally, Frank"]
[Result "0-1"]
[WhiteElo "1774"]
[BlackElo "2205"]
[PlyCount "100"]
[EventDate "2012.??.??"]

1. d4 d5 2. c4 e6 3. g3 c5 4. cxd5 exd5 5. Nf3 Nc6 6. Bg2 Nf6 7. O-O Be7 8. Nc3
O-O 9. Bf4 c4 10. Qd2 Bf5 11. Rad1 Bb4 12. a3 Ba5 13. Qc1 Re8 14. Ne5 Rc8 15.
h3 a6 16. g4 Be6 17. Bg5 h6 18. Bh4 Bb6 19. e3 g5 20. Bg3 Kg7 21. Nxc4 Nxd4 22.
exd4 Rxc4 23. Be5 Kg8 24. Qe3 Nh7 25. Rfe1 f6 26. Bg3 Bf7 27. Qf3 Rxe1+ 28.
Rxe1 Rxd4 29. Qe2 Rc4 30. Qe7 d4 31. Qxd8+ Bxd8 32. Rd1 Bc7 33. Ne2 b5 34. Bxc7
Rxc7 35. Nxd4 Rd7 36. Rd2 Nf8 37. Nf3 Rxd2 38. Nxd2 Ne6 39. Bb7 a5 40. Ne4 Kg7
41. Nd6 b4 42. Nxf7 bxa3 43. bxa3 Kxf7 44. Bd5 Ke7 45. Bxe6 Kxe6 46. Kf1 Kd5
47. Ke2 Kc4 48. a4 Kb4 49. Ke3 Kxa4 50. Ke4 Kb3 0-1

[Event "Mechanics' Fall TNM; 30/90, SD/30"]
[Site "San Francisco"]
[Date "2012.11.20"]
[Round "6.5"]
[White "Thornally, Frank"]
[Black "Andries, Craig"]
[Result "1-0"]
[WhiteElo "2212"]
[BlackElo "1953"]
[PlyCount "49"]
[EventDate "2012.??.??"]

1. e4 d6 2. d4 g6 3. Nc3 Bg7 4. Nf3 a6 5. Be3 Nf6 6. Qd2 h6 7. h3 b5 8. Bd3 Bb7
9. e5 b4 10. Ne2 Nd5 11. e6 g5 12. exf7+ Kxf7 13. Bxg5 hxg5 14. Nxg5+ Kg8 15.
Bg6 Bc8 16. Bf7+ Kf8 17. Bxd5 c6 18. Nf4 Rh6 19. Nfe6+ Bxe6 20. Nxe6+ Rxe6+ 21.
Bxe6 Qa5 22. Qf4+ Bf6 23. h4 b3+ 24. c3 c5 25. Qg4 1-0

[Event "Mechanics' Spring TNM; 30/90, SD/30"]
[Site "San Francisco"]
[Date "2012.03.20"]
[Round "2.2"]
[White "Thornally, Frank"]
[Black "Andries, Craig"]
[Result "1-0"]
[WhiteElo "2205"]
[BlackElo "1950"]
[PlyCount "37"]
[EventDate "2012.??.??"]

1. e4 d6 2. d4 Nf6 3. Nc3 g6 4. f4 Bg7 5. a3 O-O 6. Nf3 c6 7. Bd3 Bg4 8. h3 Bc8
9. O-O a5 10. Qe1 Na6 11. Be3 Nc7 12. Qh4 h5 13. Rae1 e6 14. f5 Nh7 15. fxg6
fxg6 16. Qg3 Qe8 17. Qxd6 Qd8 18. Qg3 Rf6 19. e5 1-0

[Event "Mechanics' Summer TNM; 30/90, SD/30"]
[Site "San Francisco"]
[Date "2012.05.29"]
[Round "2.2"]
[White "Thornally, Frank"]
[Black "Delmonico, Nils"]
[Result "1-0"]
[WhiteElo "2205"]
[BlackElo "1895"]
[PlyCount "67"]
[EventDate "2012.??.??"]

1. e4 c5 2. Nf3 e6 3. d3 Nc6 4. g3 g6 5. Bg5 Qc7 6. Bg2 Bg7 7. c3 Nge7 8. O-O
O-O 9. Na3 d5 10. Qe2 b6 11. Nb5 Qd7 12. e5 a6 13. Na3 Bb7 14. d4 cxd4 15. cxd4
Nf5 16. Nc2 a5 17. Rfd1 Ba6 18. Qd2 f6 19. exf6 Bxf6 20. Bxf6 Rxf6 21. Ne3 Nxe3
22. Qxe3 Raf8 23. Rd2 Qf7 24. Ne5 Nxe5 25. dxe5 Rf5 26. Bh3 Rf3 27. Qxb6 Bc8
28. Rc1 Kh8 29. Bg4 h5 30. Bxf3 Qxf3 31. Rc7 h4 32. Qa7 Qh5 33. Qc5 Qf3 34. Qe7
1-0

[Event "Mechanics' Spring TNM; 30/90, SD/30"]
[Site "San Francisco"]
[Date "2012.04.03"]
[Round "4.1"]
[White "Thornally, Frank"]
[Black "Gaffagan, Steven"]
[Result "1/2-1/2"]
[WhiteElo "2205"]
[BlackElo "2024"]
[PlyCount "36"]
[EventDate "2012.??.??"]

1. e4 c6 2. d4 d5 3. e5 Bf5 4. Nf3 e6 5. Be2 Nd7 6. O-O Bg4 7. Nbd2 Ne7 8. h3
Bh5 9. Nb3 Bxf3 10. Bxf3 Nf5 11. Bg4 g6 12. Be2 h5 13. Be3 Be7 14. c3 a6 15.
Nd2 c5 16. Nf3 Rc8 17. Qd2 cxd4 18. cxd4 Nb8 1/2-1/2

[Event "Mechanics' Spring TNM; 30/90, SD/30"]
[Site "San Francisco"]
[Date "2012.05.01"]
[Round "8.1"]
[White "Thornally, Frank"]
[Black "Lee, Andy"]
[Result "0-1"]
[WhiteElo "2205"]
[BlackElo "2279"]
[PlyCount "50"]
[EventDate "2012.??.??"]

1. e4 e5 2. Nf3 Nc6 3. Bc4 Nf6 4. d3 Bc5 5. c3 a6 6. Bb3 Ba7 7. Nbd2 O-O 8. h3
d5 9. O-O dxe4 10. dxe4 Qe7 11. Re1 Be6 12. Nc4 Bxc4 13. Bxc4 Bxf2+ 14. Kxf2
Qc5+ 15. Re3 Qxc4 16. b3 Qc5 17. Nd2 Rad8 18. Qe2 b5 19. b4 Qb6 20. a4 Rd7 21.
g4 Rfd8 22. Kg2 Ne7 23. Nb3 Ng6 24. Qc2 Nf4+ 25. Kg3 Rd1 0-1

[Event "Mechanics' Spring TNM; 30/90, SD/30"]
[Site "San Francisco"]
[Date "2012.04.17"]
[Round "6.3"]
[White "Thornally, Frank"]
[Black "Lopez, Jorge"]
[Result "1-0"]
[WhiteElo "2205"]
[BlackElo "2182"]
[Annotator "Donaldson"]
[PlyCount "49"]
[EventDate "2012.??.??"]

1. e4 c5 2. Nf3 e6 3. d3 Nc6 4. g3 g6 5. Bg2 Bg7 6. O-O Nge7 7. c3 O-O 8. Be3
d6 9. Qd2 b5 10. Bh6 Rb8 11. Bxg7 Kxg7 12. a3 e5 13. d4 f5 14. dxc5 dxc5 15.
Qe3 Qd6 16. Nbd2 f4 17. Qe2 Be6 18. Rad1 Qc7 19. Ng5 Bg8 20. Bh3 Qd6 21. Qg4 h5
22. Ne6+ Kh8 $4 (22... Bxe6 $11) 23. Qg5 $1 Bxe6 24. Nf3 Qxd1 25. Qh6+ 1-0

[Event "Mechanics' Fall TNM; 30/90, SD/30"]
[Site "San Francisco"]
[Date "2012.11.13"]
[Round "5.7"]
[White "Thornally, Frank"]
[Black "Todortsev, Victor"]
[Result "1-0"]
[WhiteElo "2212"]
[BlackElo "1940"]
[PlyCount "98"]
[EventDate "2012.??.??"]

1. e4 c5 2. Nf3 d6 3. Bb5+ Nc6 4. O-O a6 5. Bxc6+ bxc6 6. Re1 e5 7. c3 Bg4 8.
d4 Bxf3 9. Qxf3 cxd4 10. cxd4 Nf6 11. Bg5 Be7 12. Nd2 O-O 13. dxe5 dxe5 14. Nc4
Qc7 15. Qf5 Rfe8 16. Red1 Bc5 17. Bxf6 gxf6 18. Rd3 Re6 19. Rg3+ Kf8 20. Qxh7
Ke7 21. Rg7 Rf8 22. Rd1 Qa7 23. Rd2 Bd4 24. Rg8 Qc5 25. Rxf8 Kxf8 26. Ne3 Ke8
27. Rc2 Qb4 28. Qg8+ Kd7 29. Nf1 Re7 30. h4 Qe1 31. Qg4+ Kc7 32. Qf3 f5 33.
Qxf5 Qd1 34. Rd2 Qb1 35. b3 Rd7 36. h5 Rd6 37. Qxf7+ Kb6 38. Qf8 Rd7 39. Qf5
Rd5 40. Qf3 Rd6 41. g4 Qc1 42. Qf8 Rd7 43. Qf5 Rd6 44. g5 Rd8 45. g6 Qc5 46. g7
Qe7 47. Qg6 Rg8 48. h6 a5 49. Rc2 Qd7 1-0

[Event "Mechanics' Summer TNM; 30/90, SD/30"]
[Site "San Francisco"]
[Date "2012.06.26"]
[Round "6.5"]
[White "Thornally, Frank"]
[Black "Traub, Igor"]
[Result "1/2-1/2"]
[WhiteElo "2205"]
[BlackElo "2135"]
[PlyCount "92"]
[EventDate "2012.??.??"]

1. e4 e6 2. d3 d5 3. Nd2 c5 4. g3 g6 5. Bg2 Bg7 6. Ngf3 Ne7 7. O-O Nbc6 8. Re1
Qc7 9. c3 O-O 10. Qe2 b5 11. e5 a5 12. Nf1 Bb7 13. Bf4 h6 14. d4 cxd4 15. cxd4
Qb6 16. Qd2 g5 17. Be3 Nf5 18. g4 Nxe3 19. Rxe3 f6 20. exf6 Rxf6 21. Ng3 Rxf3
22. Rxf3 Nxd4 23. Rd3 Rf8 24. Nh5 Bh8 25. h4 e5 26. hxg5 e4 27. Rh3 Qg6 28.
Nf6+ Bxf6 29. gxf6 Nf3+ 30. Bxf3 exf3 31. Rxf3 d4 32. Rf4 Rxf6 33. Qxd4 Rxf4
34. Qxf4 Qc6 35. f3 Qxf3 36. Rf1 Qh1+ 37. Kf2 Qh4+ 38. Ke2 Qe7+ 39. Qe3 Qd7 40.
Rf4 Bd5 41. Rd4 Qc6 42. b3 a4 43. Qd3 Bf7 44. Rd8+ Kg7 45. Qd4+ Kh7 46. bxa4 (
46. Rh8+ $5) 46... bxa4 1/2-1/2

[Event "Mechanics' Mar TNM; 30/90, SD/30"]
[Site "San Francisco"]
[Date "2012.09.04"]
[Round "6.9"]
[White "Todortsev, Victor"]
[Black "Afkham-Ebrahimi, Payam"]
[Result "0-1"]
[WhiteElo "1950"]
[BlackElo "1873"]
[PlyCount "82"]
[EventDate "2012.??.??"]

1. d4 Nf6 2. c4 g6 3. Nc3 Bg7 4. e4 d6 5. f4 O-O 6. Nf3 Bg4 7. Be2 Bxf3 8. Bxf3
e5 9. fxe5 dxe5 10. d5 Qd6 11. Be3 Nbd7 12. Qd2 a6 13. O-O Rad8 14. a3 c5 15.
Rab1 Nb6 16. Be2 Rc8 17. b4 cxb4 18. Rxb4 Nbd7 19. Rfb1 Rc7 20. a4 Rfc8 21. a5
Bf8 22. h3 Qxb4 23. Rxb4 Bxb4 24. Bd3 Bxa5 25. Qc2 b5 26. Nd1 bxc4 27. Be2 Bb4
28. Nf2 a5 29. Ng4 Bc5 30. Bxc5 Rxc5 31. Ne3 c3 32. g4 Nb6 33. g5 Nfd7 34. Ng4
Kg7 35. Nh6 a4 36. Ba6 Rf8 37. Bd3 f6 38. h4 a3 39. Qb3 fxg5 40. hxg5 Rf3 41.
Kg2 Rxd3 0-1

[Event "Mechanics' Winter TNM; 30/90, SD/30"]
[Site "San Francisco"]
[Date "2012.01.31"]
[Round "5.6"]
[White "Todortsev, Victor"]
[Black "Askin, Michael"]
[Result "1-0"]
[WhiteElo "1959"]
[BlackElo "1811"]
[PlyCount "63"]
[EventDate "2012.??.??"]

1. d4 d5 2. c4 c6 3. Nc3 e6 4. Nf3 dxc4 5. e3 b5 6. a4 Bb4 7. Ne5 Bb7 8. Bd2 a5
9. Be2 Nf6 10. Bf3 Bxc3 11. bxc3 Nd5 12. O-O Nd7 13. Bxd5 exd5 14. Qg4 Nxe5 15.
dxe5 Qd7 16. Qxg7 O-O-O 17. Qf6 Rhg8 18. f3 Rg6 19. Qh4 Rdg8 20. Rf2 c5 21.
axb5 Qxb5 22. Qe7 R8g7 23. g3 a4 24. Bc1 Bc6 25. Ba3 f5 26. Qf8+ Kc7 27. Qxf5
Qb3 28. Bxc5 Qxc3 29. Rb1 Bd7 30. e6 Rxe6 31. Bd4 Rxe3 32. Qf4+ 1-0

[Event "Mechanics' Fall TNM; 30/90, SD/30"]
[Site "San Francisco"]
[Date "2012.11.06"]
[Round "4.8"]
[White "Todortsev, Victor"]
[Black "Campers, Willie"]
[Result "1-0"]
[WhiteElo "1940"]
[BlackElo "1607"]
[PlyCount "47"]
[EventDate "2012.??.??"]

1. e4 e6 2. d4 d5 3. Nc3 Bb4 4. a3 Bxc3+ 5. bxc3 Ne7 6. Bd3 c5 7. e5 c4 8. Be2
O-O 9. f4 Nf5 10. Nf3 f6 11. O-O fxe5 12. fxe5 Bd7 13. Rb1 b6 14. Bg5 Qc8 15.
g4 h6 16. gxf5 hxg5 17. fxe6 Bxe6 18. Nxg5 Bf5 19. Qe1 Bxc2 20. Qh4 Bxb1 21.
Rxb1 Qf5 22. Rf1 Qg6 23. Qh8+ Kxh8 24. Rxf8# 1-0

[Event "Mechanics' Summer TNM; 30/90, SD/30"]
[Site "San Francisco"]
[Date "2012.05.22"]
[Round "1.12"]
[White "Todortsev, Victor"]
[Black "Cole, Tony"]
[Result "1-0"]
[WhiteElo "1969"]
[BlackElo "1547"]
[PlyCount "71"]
[EventDate "2012.??.??"]

1. d4 d5 2. c4 Nf6 3. Nc3 Nc6 4. Nf3 Bf5 5. a3 e6 6. e3 Ne4 7. Nxe4 Bxe4 8. Bd3
Qf6 9. Bxe4 dxe4 10. Nd2 Qg6 11. O-O O-O-O 12. b4 f5 13. f3 Qh6 14. Qe2 Bd6 15.
g3 g5 16. fxe4 f4 17. e5 Bf8 18. gxf4 gxf4 19. Rxf4 Rg8+ 20. Kh1 Be7 21. Ne4
Bg5 22. Rg4 Kb8 23. Qg2 Nxe5 24. Rxg5 Rxg5 25. Qxg5 Qxg5 26. Nxg5 Ng4 27. Nxe6
Re8 28. d5 Rg8 29. Kg2 Nxe3+ 30. Kf3 Nxc4 31. Bf4 Rg6 32. Nxc7 Rf6 33. Ne6+ Ka8
34. Rc1 b5 35. Nc7+ Kb7 36. Nxb5 1-0

[Event "Mechanics' Mar TNM; 30/90, SD/30"]
[Site "San Francisco"]
[Date "2012.08.21"]
[Round "4.8"]
[White "Todortsev, Victor"]
[Black "Delaney, Will"]
[Result "1-0"]
[WhiteElo "1950"]
[BlackElo "1800"]
[PlyCount "67"]
[EventDate "2012.??.??"]

1. e4 c5 2. Nf3 g6 3. d4 Bg7 4. c3 Nf6 5. e5 Ng8 6. Bc4 cxd4 7. cxd4 d5 8. Bb5+
Nc6 9. O-O Nh6 10. Nc3 O-O 11. h3 a6 12. Bd3 Bf5 13. Bxf5 Nxf5 14. g4 Nh6 15.
Qb3 e6 16. Qxb7 Na5 17. Qb4 Qc7 18. Qa4 Rfc8 19. Qd1 Rab8 20. Na4 Nb7 21. b3
Bf8 22. Bg5 Qc2 23. Qe1 Rc6 24. Qe3 Nf5 25. gxf5 Qxf5 26. Kg2 Rbc8 27. Rac1 Rc2
28. Rxc2 Rxc2 29. Rc1 Ba3 30. Rxc2 Qxc2 31. Bf6 Bc1 32. Qe1 Ba3 33. b4 Qxa4 34.
Qc3 1-0

[Event "Mechanics' Summer TNM; 30/90, SD/30"]
[Site "San Francisco"]
[Date "2012.06.19"]
[Round "5.13"]
[White "Todortsev, Victor"]
[Black "Dembling, Arthur"]
[Result "1-0"]
[WhiteElo "1969"]
[BlackElo "1708"]
[PlyCount "81"]
[EventDate "2012.??.??"]

1. e4 e6 2. d4 d5 3. Nd2 Be7 4. e5 c5 5. c3 Nc6 6. Ngf3 Bd7 7. Bd3 cxd4 8. cxd4
Nb4 9. Bb1 Bb5 10. Nb3 Rc8 11. a3 Nc6 12. Bd3 Bxd3 13. Qxd3 Qb6 14. O-O Na5 15.
Nxa5 Qxa5 16. Bd2 Qb6 17. b4 Nh6 18. Bxh6 gxh6 19. Qe3 O-O 20. Qxh6 Rc3 21. h4
Rfc8 22. h5 Qd8 23. Rfc1 Rxc1+ 24. Rxc1 Rxc1+ 25. Qxc1 f5 26. exf6 Bxf6 27. Qc5
b6 28. Qc6 Kf7 29. g4 h6 30. Kg2 Qe7 31. Kg3 Kg7 32. Qc2 Qf7 33. Qc8 Qe7 34.
Qc6 Kf7 35. Qc2 Kg7 36. Qg6+ Kf8 37. Qxh6+ Ke8 38. g5 Bg7 39. Qg6+ Kd7 40. h6
Qd6+ 41. Kg4 1-0

[Event "Mechanics' Spring TNM; 30/90, SD/30"]
[Site "San Francisco"]
[Date "2012.04.03"]
[Round "4.13"]
[White "Todortsev, Victor"]
[Black "Eytan, David"]
[Result "1-0"]
[WhiteElo "1967"]
[BlackElo "1585"]
[PlyCount "69"]
[EventDate "2012.??.??"]

1. d4 b6 2. c4 Bb7 3. Nc3 e6 4. e4 Bb4 5. Qc2 Nf6 6. Bd3 Nc6 7. Nge2 Bxc3+ 8.
bxc3 Qe7 9. O-O h5 10. Bg5 e5 11. f4 d6 12. Ng3 Qd7 13. Nf5 Rg8 14. Nxg7+ Rxg7
15. Bxf6 Rg6 16. fxe5 dxe5 17. d5 Ne7 18. Bxe5 O-O-O 19. Rxf7 Rdg8 20. Rf2 h4
21. Raf1 Kb8 22. Rf8+ Bc8 23. Rxg8 Rxg8 24. Rf7 Qe8 25. Qf2 Bh3 26. g3 Bd7 27.
Qf6 Nc8 28. Bf4 hxg3 29. hxg3 Kb7 30. e5 Nd6 31. Re7 Qh5 32. Rxd7 Ne8 33. Qc6+
Kb8 34. e6 Qd1+ 35. Bf1 1-0

[Event "Mechanics' Mar TNM; 30/90, SD/30"]
[Site "San Francisco"]
[Date "2012.09.18"]
[Round "8.16"]
[White "Todortsev, Victor"]
[Black "Flores, David"]
[Result "1/2-1/2"]
[WhiteElo "1950"]
[BlackElo "1605"]
[PlyCount "83"]
[EventDate "2012.??.??"]

1. e4 e5 2. Nf3 Nc6 3. Bc4 Bc5 4. O-O Nf6 5. c3 O-O 6. d4 exd4 7. cxd4 Be7 8.
e5 Ne8 9. d5 Nb8 10. Nc3 d6 11. Qd4 dxe5 12. Nxe5 Bf6 13. f4 Nd6 14. Bd3 Bf5
15. Ne4 Nxe4 16. Bxe4 c5 17. Qe3 Bxe4 18. Qxe4 Re8 19. b3 Nd7 20. Bb2 Qc7 21.
Rfe1 Re7 22. Rad1 Qd6 23. Qf5 g6 24. Qd3 Rae8 25. g3 Nxe5 26. fxe5 Bxe5 27.
Bxe5 Rxe5 28. Rxe5 Rxe5 29. Kg2 f5 30. h4 Re4 31. Qc3 b6 32. Rd2 f4 33. Qf3 Rd4
34. Rxd4 cxd4 35. gxf4 Kf7 36. Qe4 d3 37. Kf3 d2 38. Qd4 Qf6 39. Qxd2 Qxh4 40.
d6 Qh3+ 41. Ke4 Qf5+ 42. Kf3 1/2-1/2